Cargando…

Living on the Edge in Suburbia : From Welfare to Workfare /

Detalles Bibliográficos
Clasificación:Libro Electrónico
Autor principal: Lawinski, Terese
Formato: Electrónico eBook
Idioma:Inglés
Publicado: Nashville : Vanderbilt University Press, 2010.
Colección:Book collections on Project MUSE.
Temas:
Acceso en línea:Texto completo

MARC

LEADER 00000cam a22000004a 4500
001 musev2_505
003 MdBmJHUP
005 20230905040111.0
006 m o d
007 cr||||||||nn|n
008 090724s2010 tnu o 00 0 eng d
010 |z  2009028792 
020 |a 9780826517012 
020 |z 9780826516992 
020 |z 9780826517005 
035 |a (OCoLC)709606126 
040 |a MdBmJHUP  |c MdBmJHUP 
043 |a n-us-ny 
050 0 4 |a HV99.W45  |b L39 2010 
082 0 |a 362.5/8409747277  |2 22 
100 1 |a Lawinski, Terese. 
245 1 0 |a Living on the Edge in Suburbia :   |b From Welfare to Workfare /   |c Terese Lawinski. 
264 1 |a Nashville :  |b Vanderbilt University Press,  |c 2010. 
264 3 |a Baltimore, Md. :  |b Project MUSE,   |c 2012 
264 4 |c ©2010. 
300 |a 1 online resource (214 pages). 
336 |a text  |b txt  |2 rdacontent 
337 |a computer  |b c  |2 rdamedia 
338 |a online resource  |b cr  |2 rdacarrier 
504 |a Includes bibliographical references (p. 179-188) and index. 
505 0 |a Introduction -- Living on the edge in suburbia -- From welfare to workfare -- The business of welfare -- Family needs versus welfare limits -- Insecurity and inflexibility of "flexible" labor -- Work first, workfare and education -- Divergent interests. 
588 |a Description based on print version record. 
650 0 |a Suburbanites  |z New York (State)  |z Westchester County  |x Economic conditions  |v Case studies. 
650 0 |a Welfare recipients  |x Employment  |z New York (State)  |z Westchester County  |v Case studies. 
650 0 |a Welfare recipients  |z New York (State)  |z Westchester County  |v Case studies. 
650 0 |a Public welfare  |z New York (State)  |z Westchester County. 
655 7 |a Electronic books.   |2 local 
710 2 |a Project Muse.  |e distributor 
830 0 |a Book collections on Project MUSE. 
856 4 0 |z Texto completo  |u https://projectmuse.uam.elogim.com/book/505/ 
945 |a Project MUSE - Custom Collection 
945 |a Project MUSE - 2010 Political Science and Policy Studies 
945 |a Project MUSE - 2010 Complete